00621 2200241 4500001002100000005001500021035002000036007000300056008004100059020001800100082001100118084001800129100001700147245005600164250001100220260004500231300003200276650001500308700001900323520001300342990001200355990001200367INLIS00000000000193220180502100228 a0010-0518000002ta180502 g 0 ind  a9786020325798 a910.09 a910.09 AHM b0 aAHMAD, Fuadi1 aBertualang Ke 5 Benua /cAhmad Fuadi, Danya Dewanti acet, 1 aJakarta :bGramedia Pustaka Utama,c2016 aiv, 90 hlm :bilus ;c24 cm aPERJALANAN0 aDANYA, Dewanti alampiran a16551 a a16551 b